| 000 | 00636nam a2200169 a 4500 | ||
|---|---|---|---|
| 001 | 4945 | ||
| 003 | CDMR | ||
| 005 | 20131022135712.0 | ||
| 008 | 130130s1991||||||||||||||||||||||||||||d | ||
| 020 | _a8478906258 | ||
| 040 |
_aCDMR _bcat _cCDMR |
||
| 245 | 0 | 0 |
_aJornadas sobre el papel de la T.V. estatal en las Comunidades Autónomas _b: Valencia, 14/15 nov. 1990 _cConsell Assessor de RTVE Comunitat Valenciana ; edición a cargo de: José Reig Cruañes |
| 260 |
_aValencia _c1991 _bConsell Assessor de RTVE de la Comunitat Valenciana |
||
| 650 | 0 | 4 |
_91780 _aTelevisió _zEspanya |
| 650 | 0 | 4 |
_93730 _aPolítica de la televisió |
| 942 |
_cMON _2udc |
||
| 999 |
_c4945 _d4945 |
||